LEADER 01169nam a2200277 u 4500 001 000000054878 003 CaOOAMICUS 005 20070226115725.0 008 010110s1963 it c u000 u ita u 035 $a10865088 040 $aPUL(R)$bita 041 1 $aita$hger 100 1 $aSchweitzer, Albert,$d1875-1965.$0(OLS)http://pul/name/25642 240 10$aVerfall und Wiederaufbau der Kultur.$lItaliano.$0(OLS)http://pul/title/73536 245 10$aAgonia della civiltà /$cAlbert Schweitzer. 260 $aMilano :$bEdizioni di Comunità,$c1963. 300 $a94 p. :$bant. (ritr.) ;$c21 cm 650 4$aFilosofia moderna.$0(OLS)http://pul/subject/703 850 $aPUL 852 $aPUL$W1$xDP1 Fondo Bordoni$y120$m4 A 4$j44179$qFondi$B176789$CPULBib$Z2$F176789 $HBor519 $81 852 $aPUL$W1$xDP1 Fondo Giannini$y60$m1562 A 6$j72225$nBK-PRI$b $qFondi$B72225$CPULBib$Z2$F72225 $H $81 941 1 $a1 941 1 $a8 961 $aINV: Fondo Giannini 996 $6245$aAgonia della civiltà$9(OLS)http://pul/title/73537 996 $6260$aMilano :$bEdizioni di Comunità$9(OLS)http://pul/publisher/48252 LEADER 00969nam a2200253 u 4500 001 000000064319 003 CaOOAMICUS 005 20070226121337.0 008 011116s1972 it u000 u ita u 035 $a10910158 040 $aPUL(R)$bita 100 1 $aVasoli, Cesare,$d1924-$0(OLS)http://pul/name/4280 245 13$aLa filosofia medioevale /$cCesare Vasoli. 260 $aMilano :$bFeltrinelli,$cc1972. 300 $a707 p. ;$c23 cm 490 1 $aStoria della filosofia ;$vII 650 4$aFilosofia medievale$xStoria.$0(OLS)http://pul/subject/1800 830 0$aStoria della filosofia ;$vII.$0(OLS)http://pul/title/8415 850 $aPUL 852 $aPUL$W1$xSL Filosofia 1$y2$m84 L 21$j83390$nBK-PRI$b $qStampati$B83390$CPULBib$Z2$F83390 $H $81 941 1 $a8 961 $aINV: 41922 996 $6245$aLa filosofia medioevale$9(OLS)http://pul/title/85723 996 $6260$aMilano :$bFeltrinelli$9(OLS)http://pul/publisher/48846